|
|
|
|
| LEADER |
00000cam a2200000 7i4500 |
| 001 |
0000003517 |
| 005 |
20060406.0 |
| 020 |
0 |
0 |
|a 9678914867
|
| 090 |
0 |
0 |
|a 959.5
|b MAL 2005
|
| 245 |
0 |
0 |
|a MALAYSIA kita :
|b panduan dan rujukan untuk peperiksaan am kerajaan
|
| 260 |
0 |
0 |
|a Petaling Jaya :
|b International Law Book Services ,
|c 2005
|
| 300 |
|
|
|a 599 p. ;
|c 23 cm.
|
| 500 |
0 |
0 |
|a Bibliography : p. 599
|
| 651 |
0 |
0 |
|a Malaysia
|x Economic conditions
|
| 651 |
0 |
0 |
|a Malaysia
|x History
|
| 651 |
0 |
0 |
|a Malaysia
|x Politics and government
|
| 651 |
0 |
0 |
|a Malaysia
|x Public administration
|
| 651 |
0 |
0 |
|a Malaysia
|x Social conditions
|
| 998 |
|
|
|a JPSM
|
| 999 |
|
|
|a 0000006917
|b Monograph
|c Open Shelf
|e Default branch
|